00218nam a22000977a 4500040000700000082000800007100000900015245006600024260002000090300001000110 cSK a630 aFAO  aManual on the production and use of live food for aquaculture aROMEbFAOc1996 a295p.